U.S. Cities by Population! - Statistics

General Stats
  • This quiz has been taken 28 times
    7 since last reset
  • The average score is 31 of 50
Answer Stats
State Cities Population Answer % Correct
California 4,000,000 Los Angeles
100%
Alaska 300,000 Anchorage
86%
Idaho 230,000 Boise
86%
Illinois 2,700,000 Chicago
86%
Ohio 900,000 Columbus
86%
Colorado 720,000 Denver
86%
Indiana 860,000 Indianapolis
86%
Arizona 1,660,000 Phoenix
86%
Georgia 500,000 Atlanta
71%
Iowa 220,000 Des Moines
71%
Michigan 670,000 Detroit
71%
Hawaii 350,000 Honolulu
71%
Texas 2,330,000 Houston
71%
Alabama 220,000 Huntsville
71%
Missouri 500,000 Kansas City
71%
Nevada 650,000 Las Vegas
71%
Arkansas 200,000 Little Rock
71%
Minnesota 430,000 Minneapolis
71%
Tennessee 680,000 Nashville
71%
Louisiana 400,000 New Orleans
71%
New York 8,880,000 New York City
71%
Oklahoma 650,000 Oklahoma City
71%
Pennsylvania 1,590,000 Philadelphia
71%
Utah 200,000 Salt Lake City
71%
Washington 750,000 Seattle
71%
New Mexico 560,000 Albuquerque
57%
Maryland 600,000 Baltimore
57%
Montana 120,000 Billings
57%
Massachusetts 700,000 Boston
57%
South Carolina 150,000 Charleston
57%
North Carolina 880,000 Charlotte
57%
Wyoming 60,000 Cheyenne
57%
North Dakota 120,000 Fargo
57%
Florida 650,000 Jacksonville
57%
Kentucky 620,000 Louisville
57%
Nebraska 470,000 Omaha
57%
Oregon 660,000 Portland
57%
South Dakota 180,000 Sioux Falls
57%
Kansas 390,000 Wichita
57%
Mississippi 160,000 Jackson
43%
Wisconsin 590,000 Milwaukee
43%
Maine 70,000 Portland
43%
Rhode Island 180,000 Providence
43%
Virginia 450,000 Virginia Beach
43%
Deleware 70,000 Wilmington
43%
Connecticut 150,000 Bridgeport
29%
Vermont 40,000 Burlington
29%
West Virginia 50,000 Charleston
29%
New Hampshire 110,000 Manchester
29%
New Jersey 280,000 Newark
29%
No matching quizzes found
Score Distribution
Percent of People with Each Score
Percentile by Number Answered
Your Score History
You have not taken this quiz since the last reset